[Event "zonal 2.5"]
[Site "Cordoba ARG"]
[Date "1998.??.??"]
[Round "11"]
[White "Valiente, Cristobal"]
[Black "Giaccio, Alfredo"]
[Result "1/2-1/2"]
[WhiteElo "2400"]
[BlackElo "2460"]
[EventDate "1998.08.30"]
[PlyCount "82"]

1.c4 Nf6 2.Nc3 e6 3.e4 d5 4.e5 d4 5.exf6 dxc3 6.bxc3 Qxf6 7.d4 c5 8.Nf3 h6
9.Be2 cxd4 10.cxd4 Bb4+ 11.Bd2 Bxd2+ 12.Qxd2 O-O 13.O-O Rd8 14.Rad1 Nc6 
15.Qe3 b6 16.Rd2 Bb7 17.Rfd1 Rac8 18.h3 Ne7 19.Qa3 Bxf3 20.Bxf3 Rxc4 21.
Qxa7 Nd5 22.Rb1 Rxd4 23.Rxd4 Qxd4 24.Bxd5 Rxd5 25.Qxb6 Qxb6 26.Rxb6 Rd1+ 
27.Kh2 Rd2 28.Kg3 Rxa2 29.h4 Kh7 30.h5 Ra1 31.Kf3 Ra5 32.g4 g6 33.hxg6+ 
Kxg6 34.Kg3 Ra7 35.Rb8 f5 36.gxf5+ Kxf5 37.Rf8+ Ke5 38.Re8 Rg7+ 39.Kh2 Ra7
40.Kg3 Kf5 41.Rf8+ Kg6 1/2-1/2